Prehľad peňažných tokov statement of cash flows

Saved in:
Bibliographic Details
Main Author: Šlosárová, Anna
Format: Book
Language:Slovak
Published: Bratislava Iura Edition 2011
Series:Ekonómia
Subjects:
Tags: Add Tag
No Tags, Be the first to tag this record!

MARC

LEADER 00000nam a2200000 4500
001 0126915
005 20240502072439.8
020 |a 978-80-8078-381-5 
041 0 |a slo 
044 |a SK 
245 1 0 |a Prehľad peňažných tokov  |b statement of cash flows  |c Anna Šlosárová 
264 1 |a Bratislava  |b Iura Edition  |c 2011 
300 |a 216 s. [14,5 AH] 
490 1 |a Ekonómia 
830 0 |a Ekonómia 
610 2 0 |a cash flow 
610 2 0 |a hospodárenie finančné 
610 2 0 |a prostriedky peňažné 
610 2 0 |a závierka účtovná 
610 2 0 |a výkazy finančné 
610 2 0 |a analýza finančná 
100 1 |a Šlosárová, Anna